000 00508nam a2200181Ia 4500
008 240925s9999 xx 000 0 und d
020 _a8184311915
082 _a003.54 CHI
100 _aChitode, J. S.
245 0 _aInformation Theory & Coding
250 _aNA
260 _aPune:
_bTechnical Publications
_c,2002.
300 _aVarious pages
_bNA
_fPhotocopy
500 _aIncludes Illustrations
600 _aComputer Science
650 _aComputer science, information & general works
942 _cBK
999 _c10609
_d10609